Report of the High Level Working Group on Western Ghats (Record no. 511916)

000 -LEADER
fixed length control field 00352nam a2200121 4500
082 ## - DEWEY DECIMAL CLASSIFICATION NUMBER
Classification number O91x54 In2w
100 ## - MAIN ENTRY--PERSONAL NAME
Personal name India.Ministry of Environment and Forests
9 (RLIN) 12407
245 ## - TITLE STATEMENT
Title Report of the High Level Working Group on Western Ghats
260 ## - PUBLICATION, DISTRIBUTION, ETC. (IMPRINT)
Place of publication, distribution, etc New Delhi
Name of publisher, distributor, etc The author
300 ## - PHYSICAL DESCRIPTION
Extent 143p
440 ## - SERIES STATEMENT/ADDED ENTRY--TITLE
Volume number/sequential designation v.1
9 (RLIN) 12411
650 ## - SUBJECT ADDED ENTRY--TOPICAL TERM
Topical term or geographic name as entry element India--Western Ghats
9 (RLIN) 12453
Holdings
Withdrawn status Lost status Source of classification or shelving scheme Damaged status Koha normalized classification for sorting Not for loan Permanent location Current location Date acquired Full call number Barcode Date last seen Price effective from Koha item type
        O_91X54_IN2W   Indian Institute of Public Administration Indian Institute of Public Administration 2019-10-22 O91x54 In2w GG34723 2019-10-22 2019-10-22 GG

Powered by Koha